00385nam a2200121Ia 4500008004100000082001900041100002200060245002300082260006200105300001000167630001800177650006800195211109s9999||||xx |||||||||||||| ||und|| a891.433bJAI-A aJain, Nemichandra 0aAdhoore Sakshatkar bRajkamal Prakashan Pvt Ltd DelhiaOxford City Pressc1900 a250p. xGeneral stack aHindi literaturevHindi fictionxLiterature & rhetoricGeneralia